000 00862nam a2200253Ia 4500
005 20250425160651.0
008 250425s9999 xx 000 0 und d
020 _a9701003810
041 _aspa
082 _a540.28
100 _aALCANTARA BARBOSA, MARIA DEL CONSUELO
245 0 _aPRACTICAS DE QUIMICA
250 _a1A ED.
260 _aMEXICO
260 _aMéxico
_bMCGRAW-HILL INTERAMERICANA
_c1993
300 _a119
500 _aCONSULTAR INV. 31879 EN BIBTEC
520 _aPRESENTAN PRACTICAS DE FACIL REALIZACION. TRATA DE QUE EL ESTUDIANTE ASIMILE LOS PRINCIPIOS BASICOS DEL METODO EXPERIMENTAL, CONOZCA LOS RUDIMENTOS DEL TRABABAJO DEL LABORATORIO Y REAFIRME LOS CONOCIMIENTOS TEORICOS ADQUIRIDOS EN EL AULA.
650 _aENSAYOS DE LABORATORIO
650 _aEXPERIMENTOS
650 _aQUIMICA
942 _c01
010 _a1848
999 _c193736
_d193736